000 00352nam a2200133Ia 4500
008 231228s2011 xx 000 0 und d
041 _aeng
082 _a657.42
_bLAL
100 _aLAL (Jawahar)
245 _aCost and Financial Analysis
250 _a3rd
260 _aNew Delhi
_bHimalaya Publishing House Mumbai, New Delhi
_c2011
300 _aMisc
999 _c1063286
_d1063286